[Event "BL 0304 SV Wattenscheid - TV Tegernsee"]
[Site "Wattenscheid"]
[Date "2004.04.24"]
[Round "14.2"]
[White "Nielsen, Peter-Heine"]
[Black "Sokolov, Andrei"]
[Result "1/2-1/2"]
[WhiteElo "2626"]
[BlackElo "2584"]
[PlyCount "63"]
[EventDate "2003.11.01"]

1. d4 Nf6 2. c4 e6 3. g3 Bb4+ 4. Bd2 Be7 5. Bg2 d5 6. Nf3 O-O 7. O-O c6 8. Qc2
b6 9. Rd1 Nbd7 10. Bf4 Bb7 11. Nc3 dxc4 12. Nd2 Nd5 13. Nxc4 Nxf4 14. gxf4 Nf6
15. Ne5 Nd5 16. f5 Nxc3 17. Qxc3 exf5 18. Bxc6 Bxc6 19. Nxc6 Qd7 20. Ne5 Qe6
21. Qb3 Bd6 22. Qxe6 fxe6 23. Rac1 Bxe5 24. dxe5 Rfc8 25. b3 Kf8 26. Rxc8+ Rxc8
27. Rd7 a5 28. Rd6 Rc2 29. a4 Rxe2 30. Rxe6 Kf7 31. Rxb6 Rxe5 32. Kg2 1/2-1/2

[Event "BL 0304 SV Wattenscheid - TV Tegernsee"]
[Site "Wattenscheid"]
[Date "2004.04.24"]
[Round "14.4"]
[White "Handke, Florian"]
[Black "Bischoff, Klaus"]
[Result "1/2-1/2"]
[WhiteElo "2476"]
[BlackElo "2564"]
[PlyCount "58"]
[EventDate "2003.11.01"]

1. e4 c6 2. d4 d5 3. Nc3 g6 4. h3 Bg7 5. Nf3 dxe4 6. Nxe4 Nf6 7. Ng3 O-O 8. Bc4
c5 9. c3 cxd4 10. cxd4 Nc6 11. O-O Na5 12. Bd3 Be6 13. Re1 Bd5 14. Ne5 Nc6 15.
Bf1 Rc8 16. a3 Be6 17. Nf3 Qb6 18. b4 Nd5 19. Bb2 Rfd8 20. Ne4 Nf6 21. Nc5 Bd5
22. Rc1 a6 23. Qd3 e6 24. Rcd1 Qa7 25. Ne5 a5 26. b5 Ne7 27. Na4 b6 28. Rc1 Bh6
29. Rxc8 Rxc8 1/2-1/2

[Event "BL 0304 SV Wattenscheid - TV Tegernsee"]
[Site "Wattenscheid"]
[Date "2004.04.24"]
[Round "14.5"]
[White "Boensch, Uwe"]
[Black "Holzke, Frank Dr"]
[Result "0-1"]
[WhiteElo "2545"]
[BlackElo "2471"]
[PlyCount "112"]
[EventDate "2003.11.01"]

1. d4 Nf6 2. c4 g6 3. Nc3 d5 4. Nf3 Bg7 5. Bg5 Ne4 6. Bf4 Nxc3 7. bxc3 c5 8.
cxd5 Qxd5 9. e3 cxd4 10. cxd4 Nc6 11. Be2 O-O 12. O-O Bf5 13. Qa4 Qa5 14. Qb3
Qb4 15. Bc4 a6 16. Bc7 Qxb3 17. axb3 Rac8 18. Bb6 e5 19. h3 exd4 20. exd4 h6
21. Rfe1 Rfe8 22. Rxe8+ Rxe8 23. Rd1 Nb8 24. g4 Bc2 25. Re1 Rxe1+ 26. Nxe1 Nd7
27. Ba7 Bd1 28. Bd5 b6 29. Bc6 Nf6 30. d5 Bf8 31. Bxb6 Bxb3 32. Bb7 Nxd5 33.
Ba5 Bc4 34. Nf3 Nf4 35. h4 Bd5 36. Bxd5 Nxd5 37. Ne5 Bb4 38. Nc6 Bxa5 39. Nxa5
Kg7 40. Kg2 Kf6 41. Nc4 Ke6 42. Kf3 f5 43. gxf5+ Kxf5 44. Na5 Ne7 45. Nc4 h5
46. Kg3 Ke4 47. Nd2+ Kd3 48. Nb3 Kc4 49. Nd2+ Kd3 50. Nb3 Kc4 51. Nd2+ Kc3 52.
Ne4+ Kb4 53. Kf4 a5 54. Nd2 a4 55. Nf3 a3 56. Nd4 a2 0-1

[Event "BL 0304 SV Wattenscheid - TV Tegernsee"]
[Site "Wattenscheid"]
[Date "2004.04.24"]
[Round "14.6"]
[White "Dinstuhl, Volkmar Dr"]
[Black "Hertneck, Gerald"]
[Result "0-1"]
[WhiteElo "2439"]
[BlackElo "2524"]
[PlyCount "60"]
[EventDate "2003.11.01"]

1. d4 Nf6 2. c4 c5 3. d5 b5 4. Nf3 Bb7 5. a4 Qa5+ 6. Bd2 b4 7. Qc2 d6 8. e4 g6
9. Bd3 Bg7 10. O-O Nbd7 11. h3 O-O 12. Bf4 Qc7 13. Nbd2 e5 14. Be3 Nh5 15. g3
Rae8 16. Nh4 Bc8 17. Kg2 Qd8 18. Ndf3 Kh8 19. Rae1 Bf6 20. Qd2 Rg8 21. Kh2 Nf8
22. Bg5 Bxg5 23. Nxg5 Qd7 24. Be2 Nf6 25. g4 h6 26. Ngf3 Kg7 27. Bd1 h5 28.
Nf5+ gxf5 29. Qg5+ Ng6 30. gxf5 Nxe4 0-1

[Event "BL 0304 SV Wattenscheid - TV Tegernsee"]
[Site "Wattenscheid"]
[Date "2004.04.24"]
[Round "14.7"]
[White "Stangl, Markus"]
[Black "Ellers, Holger"]
[Result "1-0"]
[WhiteElo "2493"]
[BlackElo "2402"]
[PlyCount "49"]
[EventDate "2003.11.01"]

1. Nf3 Nf6 2. c4 g6 3. d4 Bg7 4. g3 O-O 5. Bg2 c6 6. Nc3 d5 7. Qb3 dxc4 8. Qxc4
b5 9. Qd3 b4 10. Na4 Qa5 11. Nc5 Nfd7 12. Nb3 Qb6 13. O-O a5 14. Bf4 Ba6 15.
Qe3 Bc4 16. Bh6 Nf6 17. Bxg7 Kxg7 18. Nc5 Na6 19. Ne5 Nxc5 20. dxc5 Qa6 21.
Nxc4 Qxc4 22. Bxc6 Ra6 23. Rfc1 Qg4 24. Bf3 Qh3 25. c6 1-0

[Event "BL 0304 SV Wattenscheid - TV Tegernsee"]
[Site "Wattenscheid"]
[Date "2004.04.24"]
[Round "14.8"]
[White "Thiel, Thomas"]
[Black "Bromberger, Stefan"]
[Result "0-1"]
[WhiteElo "2303"]
[BlackElo "2448"]
[PlyCount "52"]
[EventDate "2003.11.01"]

1. e4 c5 2. Nf3 d6 3. d4 Nf6 4. Nc3 cxd4 5. Nxd4 a6 6. Bc4 e6 7. Bb3 b5 8. Bg5
Nbd7 9. Qe2 h6 10. Bh4 Bb7 11. O-O-O Rc8 12. Rhe1 Rxc3 13. bxc3 Qa5 14. Bxf6
Nxf6 15. Qd3 Be7 16. e5 Nd5 17. Nxe6 fxe6 18. Qg6+ Kd7 19. Bxd5 Bxd5 20. Rxd5
exd5 21. Qg4+ Kc6 22. exd6 Bg5+ 23. Kb2 Bd2 24. Qxg7 Rg8 25. Qf6 Bxe1 26. d7+
Kb7 0-1

[Event "BL 0304 Solinger SG - SK König Plauen"]
[Site "Wattenscheid"]
[Date "2004.04.24"]
[Round "14.3"]
[White "Haskamp, Stefan"]
[Black "Naumann, Alexander"]
[Result "1/2-1/2"]
[WhiteElo "2308"]
[BlackElo "2518"]
[PlyCount "90"]
[EventDate "2003.11.01"]

1. e4 c6 2. d3 d5 3. Nd2 e5 4. Ngf3 Bd6 5. g3 Ne7 6. Bg2 O-O 7. O-O Ng6 8. d4
exd4 9. Nxd4 dxe4 10. Nxe4 Be7 11. h4 h6 12. c3 Na6 13. Qh5 Qd7 14. Bxh6 c5 15.
Nf3 Qf5 16. Bg5 Qxe4 17. Rfe1 Qf5 18. g4 Qxg4 19. Qxg4 Bxg4 20. Bxe7 Rfe8 21.
Bd6 Rxe1+ 22. Rxe1 Rd8 23. Bg3 b6 24. Re4 Bd7 25. h5 Nf8 26. Ne5 Be8 27. Bf1
Nb8 28. Be2 Nc6 29. Nc4 Bd7 30. Nd6 Be6 31. Bb5 Ne7 32. a3 Nh7 33. Be2 Nf6 34.
Re3 Kf8 35. Kf1 Bg4 36. Bxg4 Nxg4 37. Re4 Nf6 38. Rh4 Kg8 39. Ke2 Rd7 40. Ke1
Nc6 41. b4 cxb4 42. cxb4 Kh7 43. Kf1 Re7 44. Rc4 Nd8 45. Nc8 Rb7 1/2-1/2

[Event "BL 0304 Solinger SG - SK König Plauen"]
[Site "Wattenscheid"]
[Date "2004.04.24"]
[Round "14.4"]
[White "Stellwagen, Daniel"]
[Black "Kuraszkiewicz, Michael"]
[Result "1-0"]
[WhiteElo "2487"]
[BlackElo "2304"]
[PlyCount "59"]
[EventDate "2003.11.01"]

1. e4 e6 2. d4 d5 3. Nd2 dxe4 4. Nxe4 Nd7 5. Nf3 Ngf6 6. Bg5 Be7 7. Nxf6+ Bxf6
8. Qd2 O-O 9. O-O-O b6 10. h4 Bb7 11. Bd3 c5 12. Ne5 Be7 13. Nxd7 Qxd7 14. dxc5
Qc7 15. cxb6 axb6 16. Bxe7 Qxe7 17. Kb1 Bxg2 18. Rhg1 Bd5 19. c4 Bb7 20. h5
Rad8 21. Qc3 f5 22. h6 g6 23. Bc2 Rc8 24. Rd6 Bd5 25. b3 Rf7 26. Qe5 Rc6 27.
Rxc6 Bxc6 28. Qb8+ Qf8 29. Qxb6 Bd7 30. Rd1 1-0

[Event "BL 0304 Solinger SG - SK König Plauen"]
[Site "Wattenscheid"]
[Date "2004.04.24"]
[Round "14.6"]
[White "Hoffmann, Michael"]
[Black "Espig, Thomas"]
[Result "1-0"]
[WhiteElo "2430"]
[BlackElo "2300"]
[PlyCount "41"]
[EventDate "2003.11.01"]

1. d4 g6 2. c4 Bg7 3. Nf3 d6 4. Nc3 Bg4 5. e3 Nd7 6. Be2 Nh6 7. O-O O-O 8. h3
Bxf3 9. Bxf3 c6 10. b4 Rc8 11. Rb1 e5 12. d5 f5 13. dxc6 bxc6 14. Bxc6 Nf6 15.
b5 Kh8 16. Ba3 Nh5 17. Bxd6 Rf7 18. c5 Qh4 19. Qa4 e4 20. Ne2 g5 21. b6 1-0

[Event "BL 0304 Solinger SG - SK König Plauen"]
[Site "Wattenscheid"]
[Date "2004.04.24"]
[Round "14.7"]
[White "Paul, Mathias"]
[Black "Smeets, Jan"]
[Result "0-1"]
[WhiteElo "2142"]
[BlackElo "2511"]
[PlyCount "40"]
[EventDate "2003.11.01"]

1. d4 d5 2. c4 c6 3. g3 dxc4 4. Nf3 b5 5. Bg2 Nd7 6. a4 Bb7 7. b3 cxb3 8. Qxb3
a6 9. Ba3 e6 10. Bxf8 Nxf8 11. O-O Nd7 12. Nc3 Ngf6 13. e4 O-O 14. e5 Nd5 15.
Ne4 h6 16. a5 c5 17. dxc5 Nf4 18. gxf4 Bxe4 19. Qe3 Bd5 20. Nd2 Nxc5 0-1

[Event "BL 0304 Solinger SG - SK König Plauen"]
[Site "Wattenscheid"]
[Date "2004.04.24"]
[Round "14.8"]
[White "Wegerle, Joerg"]
[Black "Hoerr, Matthias"]
[Result "1/2-1/2"]
[WhiteElo "2382"]
[BlackElo "2055"]
[PlyCount "112"]
[EventDate "2003.11.01"]

1. c4 g6 2. g3 Bg7 3. Bg2 d6 4. Nc3 Nf6 5. e4 O-O 6. Nge2 c5 7. O-O Nc6 8. d3
Rb8 9. b3 a6 10. Bb2 b5 11. Qd2 e5 12. Nd5 Nxd5 13. cxd5 Nd4 14. f4 f6 15. Nxd4
cxd4 16. b4 Bd7 17. f5 g5 18. Bf3 Kf7 19. Kg2 Rh8 20. Bh5+ Ke7 21. Rf2 Rc8 22.
h4 h6 23. Raf1 Rf8 24. Rh1 Qc7 25. Bg6 Rh8 26. Kf3 Rcg8 27. Rfh2 Qc8 28. hxg5
hxg5 29. Rh7 Rxh7 30. Rxh7 Qf8 31. Qh2 Rh8 32. Kg4 Rxh7 33. Qxh7 Qh8 34. Qxh8
Bxh8 35. Kh5 Bg7 36. Bc1 Kf8 37. g4 Ke7 38. Bd2 Kf8 39. Bc1 Ke7 40. Bd2 Kf8 41.
a3 Ke7 42. Bc1 Kf8 43. Bxg5 fxg5 44. Kxg5 Ke7 45. Kh4 Bc8 46. g5 Bd7 47. Bh5
Bh8 48. Bg4 Kf7 49. Kh5 Bg7 50. Kh4 Bh8 51. Kh5 Bg7 52. f6 Bxg4+ 53. Kxg4 Bxf6
54. gxf6 Kxf6 55. Kh5 Kf7 56. Kh6 Kf6 1/2-1/2

[Event "BL 0304 SG Köln Porz - SV Werder Bremen"]
[Site "Porz"]
[Date "2004.04.24"]
[Round "14.2"]
[White "Van Wely, Loek"]
[Black "Babula, Vlastimil"]
[Result "1-0"]
[WhiteElo "2654"]
[BlackElo "2567"]
[PlyCount "59"]
[EventDate "2003.11.01"]

1. d4 Nf6 2. c4 e6 3. Nf3 b6 4. g3 Ba6 5. b3 Bb4+ 6. Bd2 Be7 7. Nc3 c6 8. e4 d5
9. e5 Ne4 10. Bd3 Nxc3 11. Bxc3 c5 12. dxc5 Bxc5 13. O-O Bb7 14. Qe2 dxc4 15.
Be4 Bxe4 16. Qxe4 Nd7 17. b4 Be7 18. Nd4 Rc8 19. f4 g6 20. f5 gxf5 21. Nxf5 Rg8
22. Qf3 exf5 23. Qxf5 Rg7 24. e6 Nf6 25. Rad1 Qc7 26. Be5 Qb7 27. Bxf6 fxe6 28.
Qh5+ Rg6 29. Bxe7 Qxe7 30. Qb5+ 1-0

[Event "BL 0304 SG Köln Porz - SV Werder Bremen"]
[Site "Porz"]
[Date "2004.04.24"]
[Round "14.3"]
[White "Pelletier, Yannick"]
[Black "Sokolov, Ivan"]
[Result "0-1"]
[WhiteElo "2604"]
[BlackElo "2695"]
[PlyCount "70"]
[EventDate "2003.11.01"]

1. d4 d5 2. c4 c6 3. Nf3 Nf6 4. Nc3 a6 5. c5 Bg4 6. Ne5 Bf5 7. Qb3 Ra7 8. f3 g6
9. e4 Be6 10. Qa4 Bg7 11. Be2 O-O 12. Be3 b5 13. Qc2 Ne8 14. exd5 Bxd5 15. a4
Rb7 16. axb5 axb5 17. O-O Nc7 18. f4 Be6 19. b4 Nd5 20. Nxd5 Bxd5 21. h4 Nd7
22. h5 e6 23. hxg6 hxg6 24. Ra6 Nxe5 25. fxe5 Rd7 26. Bd3 Qh4 27. Qe2 Bh6 28.
Bf2 Qf4 29. Re1 f5 30. exf6 Qxf6 31. Ra3 Rh7 32. Bxg6 Qxg6 33. Rg3 Bg5 34. Be3
Rf5 35. Qd3 Rg7 0-1

[Event "BL 0304 SG Köln Porz - SV Werder Bremen"]
[Site "Porz"]
[Date "2004.04.24"]
[Round "14.5"]
[White "Gallagher, Joseph G"]
[Black "Graf, Alexander"]
[Result "0-1"]
[WhiteElo "2522"]
[BlackElo "2646"]
[PlyCount "84"]
[EventDate "2003.11.01"]

1. e4 e5 2. Nf3 Nc6 3. Nc3 Nf6 4. Bb5 Bb4 5. O-O O-O 6. d3 d6 7. Bg5 Bxc3 8.
bxc3 Qe7 9. Re1 Bd7 10. d4 Rad8 11. Rb1 b6 12. Nh4 h6 13. Bc1 Nh7 14. g3 Qf6
15. d5 Nb8 16. Bxd7 Nxd7 17. Nf5 Rfe8 18. Qe2 Kh8 19. Kg2 h5 20. Nh4 g6 21. Nf3
g5 22. Be3 Qg6 23. Qc4 Rc8 24. Qa4 Ndf6 25. Nd2 h4 26. f3 g4 27. f4 Kg8 28. f5
Qh5 29. Rh1 h3+ 30. Kf2 c6 31. dxc6 d5 32. Rhf1 d4 33. cxd4 Nxe4+ 34. Kg1 Nc3
35. Qc4 exd4 36. Bxd4 Nxb1 37. Nxb1 Ng5 38. Nd2 Qh6 39. f6 Qg6 40. Bc3 Ne4 41.
Nxe4 Qxe4 42. Qxe4 Rxe4 0-1

[Event "BL 0304 SG Köln Porz - SV Werder Bremen"]
[Site "Porz"]
[Date "2004.04.24"]
[Round "14.7"]
[White "Skripchenko-Lautier, Almira"]
[Black "Vaganian, Rafael A"]
[Result "0-1"]
[WhiteElo "2460"]
[BlackElo "2623"]
[PlyCount "156"]
[EventDate "2003.11.01"]

1. e4 e6 2. d4 d5 3. exd5 exd5 4. Nf3 Nf6 5. Bg5 Be6 6. Nbd2 Nbd7 7. Bd3 h6 8.
Bh4 g5 9. Bg3 Nh5 10. c3 Bg7 11. Qc2 Nxg3 12. hxg3 Qf6 13. Nf1 O-O-O 14. Ne3
Kb8 15. Bf5 h5 16. O-O-O g4 17. Nh4 Bh6 18. Kb1 Rde8 19. Bd3 Bxe3 20. fxe3 Nb6
21. Rdf1 Qe7 22. Rf4 Nc8 23. e4 dxe4 24. Rxe4 Qd6 25. Rf4 Re7 26. Rd1 Rhe8 27.
c4 c5 28. Qf2 cxd4 29. Rxd4 Qc7 30. Qf4 Nb6 31. b3 Rd7 32. Bc2 Red8 33. Rxd7
Rxd7 34. Re1 Kc8 35. Qxc7+ Kxc7 36. Re5 Rd2 37. Rxh5 Re2 38. Rg5 Nd7 39. Kc1 b6
40. Rg7 Rf2 41. Rg5 a5 42. a3 f6 43. Rg7 Kd6 44. Kd1 a4 45. bxa4 Ne5 46. Be4
Nxc4 47. Ke1 Ra2 48. Bf5 Ne3 49. Bxe6 Kxe6 50. Rb7 Nd5 51. Ng6 Kf5 52. Ne7+
Nxe7 53. Rxe7 Rxa3 54. Rb7 Rxg3 55. Kf2 Rb3 56. a5 b5 57. a6 Kf4 58. a7 Rb2+
59. Kf1 Ra2 60. Rxb5 Kg3 61. Rb3+ Kh2 62. g3 Rxa7 63. Rb6 Kxg3 64. Rxf6 Ra1+
65. Ke2 Kg2 66. Rg6 g3 67. Rg8 Ra3 68. Rg7 Kg1 69. Rg8 g2 70. Rh8 Ra2+ 71. Ke1
Ra7 72. Ke2 Re7+ 73. Kd2 Re5 74. Rh7 Kf2 75. Rf7+ Kg3 76. Rg7+ Kf3 77. Kd3 Rd5+
78. Kc2 Rd4 0-1

[Event "BL 0304 SG Köln Porz - SV Werder Bremen"]
[Site "Porz"]
[Date "2004.04.24"]
[Round "14.8"]
[White "Van den Doel, Erik"]
[Black "Meins, Gerlef"]
[Result "1-0"]
[WhiteElo "2609"]
[BlackElo "2454"]
[PlyCount "79"]
[EventDate "2003.11.01"]

1. e4 c5 2. Nf3 Nc6 3. d4 cxd4 4. Nxd4 Nf6 5. Nc3 d6 6. Bg5 e6 7. Qd2 Be7 8.
O-O-O Nxd4 9. Qxd4 O-O 10. f3 Bd7 11. h4 Bc6 12. g4 d5 13. e5 Nd7 14. Bxe7 Qxe7
15. g5 Qc5 16. f4 Qxd4 17. Rxd4 Rfc8 18. a3 a6 19. Bh3 g6 20. h5 b5 21. Bf1
Rab8 22. Rh3 a5 23. b4 Rc7 24. hxg6 hxg6 25. Rd2 axb4 26. axb4 Ra7 27. Kb2 Rba8
28. Rdh2 Nf8 29. Bd3 d4 30. Ne2 Ra2+ 31. Kc1 Rd8 32. Ng3 Ra3 33. Rh8+ Kg7 34.
R2h7+ Nxh7 35. Rxd8 Ra1+ 36. Kb2 Ra4 37. Rxd4 Nf8 38. Ne4 Ra8 39. Rd6 Be8 40.
Nf6 1-0

[Event "BL 0304 SF Katernberg - Bremer SG"]
[Site "Porz"]
[Date "2004.04.24"]
[Round "14.2"]
[White "Senff, Martin"]
[Black "Landa, Konstantin"]
[Result "1/2-1/2"]
[WhiteElo "2446"]
[BlackElo "2587"]
[PlyCount "86"]
[EventDate "2003.11.01"]

1. e4 c5 2. Nf3 e6 3. d4 cxd4 4. Nxd4 a6 5. Nc3 Qc7 6. Bd3 Nf6 7. f4 b5 8. e5
b4 9. Ne4 Nxe4 10. Bxe4 Bb7 11. Qf3 Nc6 12. Nxc6 Bxc6 13. Bxc6 dxc6 14. O-O
Bc5+ 15. Be3 Qb6 16. Bxc5 Qxc5+ 17. Qf2 Qxf2+ 18. Kxf2 O-O-O 19. Rfd1 Kb7 20.
Ke3 Kb6 21. Ke4 Kb5 22. Rd3 Rxd3 23. cxd3 Rd8 24. g4 c5 25. g5 g6 26. h4 h6 27.
Rh1 h5 28. Rc1 Rd4+ 29. Ke3 a5 30. Rd1 Kc6 31. Rc1 Kd5 32. Rd1 Kc6 33. Rc1 Kb5
34. Rd1 b3 35. a3 Ra4 36. Rc1 Rd4 37. Rc3 a4 38. Rc1 Kc6 39. Rc4 Kd5 40. Rxd4+
cxd4+ 41. Kf3 Kc6 42. Ke4 Kc5 43. Kf3 Kc6 1/2-1/2

[Event "BL 0304 SF Katernberg - Bremer SG"]
[Site "Porz"]
[Date "2004.04.24"]
[Round "14.4"]
[White "Siebrecht, Sebastian"]
[Black "Agrest, Evgenij"]
[Result "0-1"]
[WhiteElo "2435"]
[BlackElo "2605"]
[PlyCount "98"]
[EventDate "2003.11.01"]

1. Nf3 Nf6 2. g3 g6 3. Bg2 Bg7 4. O-O O-O 5. c4 d6 6. Nc3 a6 7. d4 Nbd7 8. h3
c5 9. d5 b5 10. cxb5 axb5 11. Nxb5 Ba6 12. Nc3 Nb6 13. Re1 Qc7 14. e4 Nc4 15.
Qc2 Nd7 16. Rd1 Qa5 17. a3 Rfb8 18. Ra2 Nxb2 19. Bxb2 Bc4 20. Raa1 Rxb2 21.
Qxb2 Bxc3 22. Qb7 Bxa1 23. Qxd7 Bf6 24. e5 dxe5 25. Qc6 Rd8 26. Rc1 Bxd5 27.
Rxc5 Bxc6 28. Rxa5 e4 29. Ne5 Bb7 30. Kf1 h5 31. Ke2 Bd5 32. f4 exf3+ 33. Nxf3
e6 34. a4 Rb8 35. Kf2 Rb2+ 36. Kg1 Rc2 37. Ne1 Bd4+ 38. Kh2 Re2 39. Rxd5 exd5
40. Nd3 Ba7 41. Nf4 Ra2 42. Nxd5 Rxa4 43. g4 Bb8+ 44. Kg1 hxg4 45. hxg4 Kg7 46.
Bf3 Ra2 47. Bg2 Be5 48. Bf3 Bd4+ 49. Kh1 Kh6 0-1

[Event "BL 0304 SF Katernberg - Bremer SG"]
[Site "Porz"]
[Date "2004.04.24"]
[Round "14.5"]
[White "Stefansson, Hannes"]
[Black "Thesing, Matthias"]
[Result "1/2-1/2"]
[WhiteElo "2567"]
[BlackElo "2437"]
[PlyCount "93"]
[EventDate "2003.11.01"]

1. e4 e6 2. d4 d5 3. Nd2 c5 4. exd5 Qxd5 5. Ngf3 cxd4 6. Bc4 Qd6 7. Qe2 Nc6 8.
Nb3 Be7 9. O-O Nf6 10. Bg5 a6 11. Rad1 b5 12. Bd3 Bb7 13. Nbxd4 Nxd4 14. Nxd4
O-O 15. Nf3 Qb4 16. Bc1 Qg4 17. h3 Qh5 18. Ne5 Qxe2 19. Bxe2 Bd5 20. b3 Bd6 21.
Bb2 Rfc8 22. Rc1 b4 23. Nc4 Bc5 24. c3 bxc3 25. Rxc3 Ne4 26. Rd3 f6 27. Bf3
Rab8 28. Nd2 Nxf2 29. Rxf2 Bxf2+ 30. Kxf2 Rc2 31. Bxd5 exd5 32. Bc3 Rc8 33. Ba5
Rxa2 34. Rxd5 Kf7 35. b4 Rcc2 36. Ke2 Ke6 37. Rd3 Rc1 38. Bb6 Rc6 39. Bd4 Rd6
40. Ke3 Rd5 41. g4 a5 42. bxa5 Rdxa5 43. Ne4 R2a3 44. Nc3 h5 45. Rd2 hxg4 46.
hxg4 Rg5 47. Kf4 1/2-1/2

[Event "BL 0304 SF Katernberg - Bremer SG"]
[Site "Porz"]
[Date "2004.04.24"]
[Round "14.6"]
[White "Scholz, Christian"]
[Black "Baburin, Alexander"]
[Result "0-1"]
[WhiteElo "2392"]
[BlackElo "2541"]
[PlyCount "110"]
[EventDate "2003.11.01"]

1. d4 d5 2. c4 dxc4 3. e4 Nc6 4. d5 Ne5 5. Bf4 Ng6 6. Bg3 e6 7. Nc3 Nf6 8. Bxc4
exd5 9. exd5 Bd6 10. Nge2 O-O 11. O-O a6 12. a4 Re8 13. Qc2 Ne5 14. Ba2 Nh5 15.
Nd4 Nxg3 16. hxg3 Qf6 17. Ne4 Qh6 18. Nxd6 cxd6 19. Rfe1 Bd7 20. Re4 Rac8 21.
Qd1 Ng4 22. Rxe8+ Rxe8 23. Nf3 Rc8 24. Bb3 Kf8 25. Qd2 Qxd2 26. Nxd2 Re8 27.
Nc4 Re2 28. Nxd6 Rxb2 29. Bc4 Ne5 30. Bf1 Ke7 31. Ne4 f5 32. Ng5 h6 33. f4 Ng4
34. Nf3 Kd6 35. a5 Ne3 36. Ne5 Bb5 37. Bxb5 axb5 38. a6 bxa6 39. Rxa6+ Kxd5 40.
Rg6 b4 41. Rxg7 b3 42. Rd7+ Ke4 43. Rb7 Rxg2+ 44. Kh1 Rb2 45. Rb4+ Kd5 46. Kg1
h5 47. Nd3 Rg2+ 48. Kh1 Rd2 49. Rxb3 Kc4 50. Nc1 Rd1+ 51. Kh2 Ng4+ 52. Kh3 Rh1+
53. Kg2 Rxc1 54. Rb8 Rc2+ 55. Kg1 Kd3 0-1

[Event "BL 0304 SF Katernberg - Bremer SG"]
[Site "Porz"]
[Date "2004.04.24"]
[Round "14.7"]
[White "Fish, Gannadij"]
[Black "Souleidis, Georgios"]
[Result "1/2-1/2"]
[WhiteElo "2509"]
[BlackElo "2401"]
[PlyCount "82"]
[EventDate "2003.11.01"]

1. d4 Nf6 2. c4 g6 3. Nc3 Bg7 4. e4 d6 5. Nf3 O-O 6. Be2 e5 7. O-O Na6 8. Be3
Ng4 9. Bg5 Qe8 10. dxe5 dxe5 11. h3 f6 12. Bc1 Nh6 13. Be3 Nf7 14. c5 c6 15.
Nd2 f5 16. exf5 gxf5 17. Bxa6 bxa6 18. Re1 Rb8 19. Nc4 Be6 20. Nd6 Nxd6 21.
cxd6 Rxb2 22. Na4 Rb5 23. Nc5 Bd5 24. f3 Qg6 25. d7 Rb2 26. Re2 Rxe2 27. Qxe2
f4 28. Bf2 e4 29. fxe4 f3 30. Qf1 Bxa1 31. exd5 cxd5 32. g3 Bf6 33. Qxa6 Qb1+
34. Kh2 Qb6 35. Qd3 d4 36. Qc4+ Kh8 37. Bxd4 Qd6 38. Ne6 Qxd7 39. Nxf8 Qxd4 40.
Qxd4 Bxd4 41. Ne6 Be5 1/2-1/2

[Event "BL 0304 SF Katernberg - Bremer SG"]
[Site "Porz"]
[Date "2004.04.24"]
[Round "14.8"]
[White "Meyer, Falko"]
[Black "Gisbrecht, Ewgeni"]
[Result "1-0"]
[WhiteElo "2348"]
[BlackElo "2441"]
[PlyCount "83"]
[EventDate "2003.11.01"]

1. e4 c5 2. Nf3 Nf6 3. e5 Nd5 4. Nc3 Nxc3 5. dxc3 Nc6 6. Bf4 e6 7. Qd2 Qc7 8.
O-O-O b6 9. h4 h6 10. Bh2 Bb7 11. Qf4 f5 12. g4 g6 13. gxf5 gxf5 14. Rg1 O-O-O
15. Be2 Rh7 16. Kb1 Rg7 17. Qe3 Ne7 18. Rxg7 Bxg7 19. Nd2 Bd5 20. Bf3 Qc6 21.
Rg1 Rg8 22. Be2 Qc7 23. b3 Qd8 24. Bf4 Bf8 25. Rg3 Bc6 26. Ba6+ Kb8 27. Bxh6
Rxg3 28. fxg3 Nd5 29. Qg5 Be7 30. Qg7 f4 31. gxf4 Bxh4 32. Kb2 Ne3 33. Be2 Nf5
34. Qg6 b5 35. Bg5 Qa5 36. Qe8+ Kb7 37. Bf3 Qc7 38. Bxh4 Nxh4 39. Be4 b4 40.
Bxc6+ Kxc6 41. cxb4 cxb4 42. Qe7 1-0

[Event "BL 0304 SC Kreuzberg - SCA St Ingbert"]
[Site "Berlin"]
[Date "2004.04.24"]
[Round "14.2"]
[White "Maiwald, Jens-Uwe"]
[Black "Lazarev, Vladimir"]
[Result "1/2-1/2"]
[WhiteElo "2543"]
[BlackElo "2526"]
[PlyCount "51"]
[EventDate "2003.11.01"]

1. g3 d5 2. Bg2 c6 3. d3 Bg4 4. h3 Bh5 5. Nf3 Nd7 6. O-O e6 7. Nbd2 Bd6 8. b3
Ne7 9. Bb2 O-O 10. e4 a5 11. a3 Qb8 12. Qe1 Re8 13. Kh1 f6 14. d4 e5 {(=)} 15.
dxe5 Nxe5 16. Nd4 Nd7 17. f4 Nc5 18. g4 Bf7 19. g5 Bxf4 20. gxf6 gxf6 21. Qf2
Be5 22. Rae1 Ng6 23. Nxc6 bxc6 24. Bxe5 Qxe5 25. Qxc5 d4 26. Rf5 1/2-1/2

[Event "BL 0304 SC Kreuzberg - SCA St Ingbert"]
[Site "Berlin"]
[Date "2004.04.24"]
[Round "14.4"]
[White "Lau, Ralf"]
[Black "Nguyen, Chi Minh"]
[Result "1-0"]
[WhiteElo "2503"]
[BlackElo "2375"]
[PlyCount "69"]
[EventDate "2003.11.01"]

1. d4 e6 2. Nf3 Nf6 3. e3 b6 4. Bd3 Bb7 5. O-O c5 6. Re1 Nc6 7. c3 Be7 8. Nbd2
Qc7 9. a3 h6 10. b4 d6 11. Bb2 g5 12. Nf1 Rg8 13. e4 d5 14. e5 Nd7 15. bxc5
bxc5 16. Ng3 g4 17. Nd2 c4 18. Bc2 Ncxe5 19. dxe5 Nxe5 20. a4 h5 21. Nxh5 O-O-O
22. Nf1 Bc5 23. Qd2 f5 24. Ba3 d4 25. Bxc5 Qxc5 26. Rab1 Bxg2 27. Rxe5 Qxe5 28.
Kxg2 d3 29. Bd1 f4 30. Nxf4 Rdf8 31. Kg3 Rg7 32. Qe3 Qc7 33. Rb5 e5 34. Rxe5
Kb8 35. Rb5+ 1-0

[Event "BL 0304 SC Kreuzberg - SCA St Ingbert"]
[Site "Berlin"]
[Date "2004.04.24"]
[Round "14.5"]
[White "Pirrot, Dieter"]
[Black "Kalinitschew, Sergey"]
[Result "0-1"]
[WhiteElo "2422"]
[BlackElo "2519"]
[PlyCount "50"]
[EventDate "2003.11.01"]

1. e4 d5 2. exd5 Nf6 3. d4 Nxd5 4. c4 Nb6 5. Nf3 g6 6. Nc3 Bg7 7. Be3 O-O 8. h3
Nc6 9. Qd2 e5 10. d5 Ne7 11. O-O-O Nf5 12. g4 Nxe3 13. Qxe3 Bd7 14. g5 f5 15.
h4 Na4 16. Nxa4 Bxa4 17. Rd2 Qe8 18. c5 e4 19. Ne1 f4 20. Qa3 e3 21. fxe3 fxe3
22. Rdh2 Rf2 23. Nd3 e2 24. Bg2 Qe3+ 25. Kb1 Bc2+ 0-1

[Event "BL 0304 SC Kreuzberg - SCA St Ingbert"]
[Site "Berlin"]
[Date "2004.04.24"]
[Round "14.6"]
[White "Volke, Karsten"]
[Black "Drollinger, Dennis"]
[Result "1-0"]
[WhiteElo "2467"]
[BlackElo "2275"]
[PlyCount "77"]
[EventDate "2003.11.01"]

1. Nf3 c5 2. c4 Nf6 3. Nc3 Nc6 4. g3 d5 5. d4 dxc4 6. d5 Nb4 7. e4 Bg4 8. Bxc4
a6 9. O-O Qd7 10. Be2 c4 11. Bxc4 Nc2 12. Qxc2 Bxf3 13. Qd3 Qg4 14. Re1 Rc8 15.
Bb3 Nd7 16. Ba4 b5 17. Nxb5 axb5 18. Bxb5 Rc5 19. a4 f5 20. Qe3 Rxb5 21. axb5
Ne5 22. Ra8+ Kf7 23. Qf4 Qh3 24. Qxf5+ Qxf5 25. exf5 Bxd5 26. Rxf8+ Rxf8 27.
Rxe5 Bf3 28. Bg5 Re8 29. Re3 Bb7 30. f3 h6 31. Bh4 e6 32. fxe6+ Rxe6 33. Rxe6
Kxe6 34. f4 Kf5 35. Kf2 g5 36. fxg5 hxg5 37. Bxg5 Kxg5 38. Ke3 Kg4 39. Kd4 1-0

[Event "BL 0304 SC Kreuzberg - SCA St Ingbert"]
[Site "Berlin"]
[Date "2004.04.24"]
[Round "14.7"]
[White "Bock, Andreas"]
[Black "Muse, Drazen"]
[Result "1/2-1/2"]
[WhiteElo "2149"]
[BlackElo "2443"]
[PlyCount "58"]
[EventDate "2003.11.01"]

1. e4 c5 2. Nf3 Nc6 3. d4 cxd4 4. Nxd4 g6 5. c4 Bg7 6. Be3 Nf6 7. Nc3 O-O 8.
Be2 d6 9. O-O Bd7 10. Qd2 Nxd4 11. Bxd4 Bc6 12. f3 a5 13. Rfd1 Nd7 14. Be3 Nc5
15. Rab1 Qb6 16. b3 Qb4 17. Rdc1 Rfc8 18. Qb2 a4 19. a3 Qxb3 20. Qa1 Ra5 21.
Rxb3 axb3 22. Bxc5 dxc5 23. Rb1 Rca8 24. Rxb3 Bd4+ 25. Kh1 Ba4 26. Rxb7 Bc6 27.
Rb3 Ba4 28. Rb7 Bc6 29. Rb3 Ba4 1/2-1/2